<?xml version="1.0" encoding="UTF-8"?>
<record
    xmlns:xsi="http://www.w3.org/2001/XMLSchema-instance"
    xsi:schemaLocation="http://www.loc.gov/MARC21/slim http://www.loc.gov/standards/marcxml/schema/MARC21slim.xsd"
    xmlns="http://www.loc.gov/MARC21/slim">

  <leader>00847    a2200181   4500</leader>
  <controlfield tag="001">139552</controlfield>
  <datafield tag="040" ind1=" " ind2=" ">
    <subfield code="c">Leonardo Da Vinci</subfield>
  </datafield>
  <datafield tag="041" ind1=" " ind2=" ">
    <subfield code="a">Portugu&#xEA;s</subfield>
  </datafield>
  <datafield tag="082" ind1=" " ind2=" ">
    <subfield code="a">510 A572m</subfield>
    <subfield code="b">A572m</subfield>
  </datafield>
  <datafield tag="100" ind1=" " ind2=" ">
    <subfield code="a">ANDRAUS, Sylvio</subfield>
    <subfield code="a">SANTOS, Udmyr P</subfield>
  </datafield>
  <datafield tag="245" ind1=" " ind2=" ">
    <subfield code="a">Matem&#xE1;tica</subfield>
    <subfield code="b">no ensino de segundo grau</subfield>
  </datafield>
  <datafield tag="250" ind1=" " ind2=" ">
    <subfield code="a">v. 3</subfield>
  </datafield>
  <datafield tag="260" ind1=" " ind2=" ">
    <subfield code="b">Cia. Editora Nacional</subfield>
    <subfield code="c">1973</subfield>
    <subfield code="a">S&#xE3;o Paulo</subfield>
  </datafield>
  <datafield tag="300" ind1=" " ind2=" ">
    <subfield code="a">254</subfield>
  </datafield>
  <datafield tag="362" ind1=" " ind2=" ">
    <subfield code="a">19730000</subfield>
  </datafield>
  <datafield tag="697" ind1=" " ind2=" ">
    <subfield code="a">Matem&#xE1;tica</subfield>
    <subfield code="a">Geometria anal&#xED;tica</subfield>
    <subfield code="a">Coordenadas cartesianas</subfield>
    <subfield code="a">Reta</subfield>
    <subfield code="a">Ponto m&#xE9;dio</subfield>
    <subfield code="a">Baricentro</subfield>
    <subfield code="a">Declive de reta</subfield>
    <subfield code="a">Intersec&#xE7;&#xE3;o de curvas</subfield>
    <subfield code="a">Intersec&#xE7;&#xE3;o de retas</subfield>
    <subfield code="a">Equa&#xE7;&#xE3;o</subfield>
    <subfield code="a">Mediatriz</subfield>
    <subfield code="a">Bissetriz</subfield>
    <subfield code="a">C&#xED;rculo</subfield>
    <subfield code="a">Elipse</subfield>
    <subfield code="a">Hip&#xE9;rbole</subfield>
    <subfield code="a">Par&#xE1;bola</subfield>
    <subfield code="a">Fun&#xE7;&#xF5;es</subfield>
    <subfield code="a">Constante</subfield>
    <subfield code="a">Derivadas</subfield>
    <subfield code="a">Tangente</subfield>
    <subfield code="a">Concavidade</subfield>
    <subfield code="a">N&#xFA;meros complexos]Polin&#xF4;mios</subfield>
    <subfield code="a">F&#xF3;rmula de Moivre</subfield>
    <subfield code="a">Polin&#xF4;mios</subfield>
    <subfield code="a">F&#xF3;rmula de Taylor</subfield>
    <subfield code="a">Ra&#xED;zes</subfield>
    <subfield code="a">Teorema de Bolzano</subfield>
    <subfield code="a">Ensino M&#xE9;dio</subfield>
  </datafield>
  <datafield tag="942" ind1=" " ind2=" ">
    <subfield code="c">BK</subfield>
  </datafield>
  <datafield tag="952" ind1=" " ind2=" ">
    <subfield code="0">0</subfield>
    <subfield code="1">0</subfield>
    <subfield code="4">0</subfield>
    <subfield code="7">0</subfield>
    <subfield code="a">71.1</subfield>
    <subfield code="b">71.1</subfield>
    <subfield code="d">2024-03-27</subfield>
    <subfield code="l">0</subfield>
    <subfield code="o">510 A572m</subfield>
    <subfield code="p">O007248</subfield>
    <subfield code="r">2024-03-27 22:44:31</subfield>
    <subfield code="w">2024-03-27</subfield>
    <subfield code="y">BK</subfield>
  </datafield>
  <datafield tag="999" ind1=" " ind2=" ">
    <subfield code="c">139552</subfield>
    <subfield code="d">139552</subfield>
  </datafield>
</record>
